00335 a2200121 450000500170000002000180001708200190003510000180005424500460007226000460011830000310016470000180019520250628080623.0 a0 19 572267 1 aLM 342.085 MAR aMARTIN, I. H. aPersonal Freedom and the Law in Tanzania. aNairobi,bOxford University Press,c1976. axvii, 224p.:bIndexc22cm. aLATHAM, A. J.